Segment 50+ ako cieľová skupina marketingovej komunikácie bakalárska práca

Gespeichert in:
Bibliographische Detailangaben
1. Verfasser: Kalinayová, Paulína
Körperschaft: Obchodná fakulta EU. Katedra marketingu
Weitere Verfasser: Krescanková, Michaela
Format: Buch
Sprache:Slowakisch
Veröffentlicht: Bratislava 2014
Tags: Tag hinzufügen
Keine Tags, Fügen Sie das erste Tag hinzu!

MARC

LEADER 00000nbm a2200000 4500
001 0188261
005 20170201101018.6
041 0 |a slo 
044 |a SK 
245 1 0 |a Segment 50+ ako cieľová skupina marketingovej komunikácie  |b bakalárska práca  |c Paulína Kalinayová ; školiteľ: Michaela Krescanková 
264 1 |a Bratislava  |c 2014 
300 |a 58 s. 
100 1 |a Kalinayová, Paulína 
700 1 |a Krescanková, Michaela 
710 2 |a Obchodná fakulta EU. Katedra marketingu